000 00610nam a2200205 i 4500
001 42139
003 ES-MaACL
005 20250714235853.0
007 t|
008 030312s1931 fr ||||1| fre d
100 1 _aCastiglioni, Arturo.
_936637
245 1 0 _aHistoire de la medicine /
_cArturo Castiglioni ; traduction par J. Bertrand et F. Gidon.
260 _aParis :
_b[Lille A. Taffin Lefort],
_c1931.
300 _a781 p. ;
_c25 cm.
650 0 4 _aMedicina-
_vHistoria
_914907
700 1 _aBertrand, J.
_928528
700 0 _aGidon, F.
_956679
852 _aES-MaACL
_jE-1328
999 _c42139
_d42139